El análisis filosófico : su desarrollo durante el período de entreguerras /
Gorde:
| Egile nagusia: | |
|---|---|
| Formatua: | Liburua |
| Hizkuntza: | gaztelania |
| Argitaratua: |
Barcelona, España :
Ariel,
1978, c1978
|
| Saila: | (Quincenal Ariel ;
40) |
| Gaiak: | |
| Etiketak: |
Etiketarik gabe, Izan zaitez lehena erregistro honi etiketa jartzen!
|
MARC
| LEADER | 00000nam^a2200000^a^4500 | ||
|---|---|---|---|
| 001 | 000181907 | ||
| 005 | 20250521000000.0 | ||
| 009 | 20260310101950.194 | ||
| 020 | |a 84-344-0797-3 | ||
| 037 | |a Acervo ITESO - Biblioteca | ||
| 041 | |a ESP | ||
| 082 | |a 146. 4 |b URM | ||
| 100 | |a Urmson, J.O. |e (autor) | ||
| 245 | 1 | 3 | |a El análisis filosófico : |b su desarrollo durante el período de entreguerras / |c J.O. Urmson ; tr. por José L. García Molina. |
| 264 | 4 | |a Barcelona, España : |b Ariel, |c 1978, c1978 | |
| 300 | |a 240 p. | ||
| 336 | |a texto |b txt |2 rdacontenido | ||
| 337 | |a sin mediación |b n |2 rdamedio | ||
| 338 | |a volumen |b nc |2 rdasoporte | ||
| 440 | 1 | |a (Quincenal Ariel ; |v 40) | |
| 500 | |a Traducción de: Philosophical Analysis. Its Development Between the Two World Wars | ||
| 649 | |a XX | ||
| 650 | |a Pluralismo y Atomismo Lógico | ||
| 650 | |a Positivismo | ||
| 650 | |a Filosofía Analítica | ||
| 650 | |a Filosofía del Siglo XX | ||
| 910 | |a Fondo Armando Suárez Gómez | ||
| 920 | |a Impresos - Libros | ||
| 930 | |a Fondos Especiales | ||
| 905 | |a 111 | ||
| 901 | |a 0700000983 |b IT2 |c ESP |u 20250521 | ||
| 902 | |a https://opac.biblio.iteso.mx/vufind/Record/000181907 | ||